| 000 | 00875nam a2200277 a 4500 | ||
|---|---|---|---|
| 001 | |||
| 003 | DO-SdBNP | ||
| 005 | 20231023115600.0 | ||
| 008 | 990428s2007 mx 000 0 spa | ||
| 020 | _a9789685739030 | ||
| 040 |
_aBPMSU _cBPMSU _bspa |
||
| 082 | 4 |
_a346.7204 _bM611L 2007 _222 |
|
| 110 | 1 | _aMéxico. | |
| 240 | _a [Leyes, etc] | ||
| 245 | 1 | 0 | _aLey federal del derecho de autor |
| 250 | _a3a. ed. reformada | ||
| 260 |
_aMéxico, D.F. ; _bSecretaría de Ecucación Pública, ; _bInstituto Nacional de Derecho de Autor, _c2007 |
||
| 300 |
_a206 p. ; _c23 cm. |
||
| 490 | 0 | _aJurídica | |
| 590 | _aInventariado, 2023/VM | ||
| 650 | 4 |
_aPropiedad intelectual _xLegislación _zMexico |
|
| 710 | 2 | _aGobierno Federal(Estados Unidos Mexicanos) | |
| 710 | 2 | _aInstituto Nacional de Derecho de Autor | |
| 910 | _aVMateo V. Control de calidad. BPMSU | ||
| 942 |
_2ddc _cBK |
||
| 999 |
_c14481 _d14481 |
||